[Event "Paris GCT 2017 Blitz"]
[Site "Paris"]
[Date "2017.06.24"]
[Round "8"]
[White "Karjakin, Sergey"]
[Black "Vachier-Lagrave, Maxime"]
[Result "1-0"]
[WhiteElo "2781"]
[BlackElo "2796"]
[Annotator "TA"]
[PlyCount "163"]
[EventDate "2017.??.??"]
[EventType "tourn"]
[EventCountry "FRA"]
[SourceTitle "playchess.com"]
[Source "ChessBase"]
[SourceQuality "1"]

{[%evp 24,163,5,-14,-25,-23,0,-16,0,0,12,6,27,25,29,32,61,61,87,23,21,26,85,50,39,43,42,46,75,56,70,45,35,41,100,100,107,100,129,115,154,122,123,125,133,129,124,123,135,129,150,150,150,147,145,141,144,112,105,108,123,114,119,96,102,101,89,92,100,85,141,141,147,132,171,133,133,128,153,153,159,148,154,148,233,214,204,128,153,132,172,25,25,25,256,8,8,8,8,8,8,8,8,8,8,8,8,8,1517,8,8,8,9,8,8,8,8,8,5377,5136,9605,8187,6447,5143,29981,29982,3134,29982,29983,29984,29984,29985,29985,29986,29986,29971,29985,29986,29986,29986,29987,29988]} 1. c4 e5 2. g3 Nf6 3. Bg2 d5 4. cxd5 Nxd5 5. Nf3 Nc6 6. O-O Nb6 7. Nc3 Be7 8. Rb1 a5 9. d3 O-O 10. Be3 Be6 11. a3 Nd5 12. Nxd5 Bxd5 13. Rc1 a4 {A29: English Opening: Four Knights Variation with 4 g3} (13... Re8 14. Qa4 Bf6 15. Rfd1 Nd4 16. Bxd4 exd4 17. Qc2 c6 18. Re1 Re7 19. Nd2 Bxg2 20. Kxg2 Qd5+ 21. Kg1 {½-½ (46) Miezis,N (2524)-Naiditsch,A (2652) Liepaja 2007}) 14. Qc2 $146 ({Predecessor:} 14. Bc5 Ra5 15. Bxe7 Qxe7 16. Qd2 b6 17. e4 Bxe4 18. dxe4 Rd8 19. Qc2 Rd6 20. Rfd1 {1-0 (20) Carvalho,G (2172)-Granara Barreto,S (2258) Montevideo 2004}) 14... Re8 15. Rfe1 f5 {The position is equal.} 16. Bc5 Bf6 17. e4 fxe4 (17... Bb3 $5 {[%cal Rb3c2]} 18. Qc3 g6 $11) 18. dxe4 Bb3 19. Qc3 Qd7 20. Bf1 Red8 21. Bc4+ (21. Bb5 $16) 21... Bxc4 $11 22. Qxc4+ Kh8 (22... Qf7 $11) 23. Be3 Qd3 24. Kg2 Qxc4 25. Rxc4 Rd3 26. Re2 Kg8 27. Rd2 Rxd2 28. Nxd2 Ra5 (28... Bd8 $1 $14) 29. Nb1 $16 Rb5 30. Bc1 $1 Ra5 31. Nc3 Kf7 32. Be3 Be7 33. Kf1 Bd6 34. Rxa4 Rxa4 35. Nxa4 {[%mdl 4096] Endgame KBN-KBN} Na5 36. Ke2 Nc4 37. Bc1 b5 38. Nc3 c6 39. Kd3 Na5 40. Bd2 Nc4 41. Nd1 Ke6 42. Bc3 Nb6 43. Ne3 Na4 44. Nc2 Nc5+ 45. Ke3 Na4 46. Kd2 Bc5 (46... Nxc3 $142 47. Kxc3 Bc5) 47. f4 exf4 48. gxf4 g6 49. Bh8 Bd6 50. Ke3 c5 51. h3 Nb6 52. b3 Be7 53. Bc3 Bd6 (53... Kf7 $16 {was worth a try.} 54. Kf3 Ke6) 54. Ba5 $1 $18 {[%cal Ra5b6]} Bc7 55. a4 c4 56. Nd4+ Kd7 {next ...cxb3 is good for Black.} 57. axb5 (57. Nxb5 $18 cxb3 58. Kd3) 57... cxb3 $11 58. Kd3 Na4 $2 (58... b2 $11 59. Kc2 Na4) 59. Bxc7 $2 ({White has to play} 59. Nxb3 $18 {Threatens to win with Bxc7.} Bxf4 60. Kc4) 59... Nc5+ (59... b2 $5 60. Kc2 $8 Kxc7 $16) 60. Kc3 Nxe4+ 61. Kxb3 Kxc7 {KN-KN} 62. Kc4 {Black should prevent Ne6+.} Kb6 63. Kd5 (63. h4 $5 {[%cal Rc4d5]}) 63... Nf2 64. h4 Nd3 65. Ke4 Ne1 $2 {[%mdl 8192] [#]} (65... Nc5+ $11 66. Ke3 Nb7) 66. f5 $2 (66. h5 $1 $18 {[%cal Rh5h6][%mdl 512] Strongly threatening h6.} Ng2 (66... gxh5 67. f5) 67. h6) 66... gxf5+ 67. Kxf5 {Black must now prevent h5.} Kc5 68. h5 {aiming for Ne6+.} Nd3 69. Ne6+ (69. Ne2 $5 {[%cal Re2c3]} Kxb5 70. Kf6 $11) 69... Kxb5 70. Ng5 Kc6 $2 {[%mdl 8192]} (70... h6 $11) 71. Nxh7 $18 Kd7 {[#]} 72. Kf6 $1 Nf2 73. Kg7 Ke6 74. Nf6 Nh3 75. h6 {[%cal Bh5h6,Bh6h7][%mdl 32]} Ng5 {White mates.} 76. Kg6 ({And not} 76. h7 Nxh7 77. Kxh7 $11) 76... Nf7 77. h7 Nh8+ 78. Kg7 Ke7 79. Ne4 Ke8 80. Ng3 Ke7 81. Nf5+ Ke8 82. Nh4 {Precision: White = 60%, Black = 33%.} 1-0

[Event "Paris GCT 2017 Blitz"]
[Site "Paris"]
[Date "2017.06.24"]
[Round "8"]
[White "Grischuk, Alexander"]
[Black "Bacrot, Etienne"]
[Result "1-0"]
[WhiteElo "2761"]
[BlackElo "2708"]
[Annotator "TA"]
[PlyCount "61"]
[EventDate "2017.??.??"]
[EventType "tourn"]
[EventCountry "FRA"]
[SourceTitle "playchess.com"]
[Source "ChessBase"]
[SourceQuality "1"]

{[%evp 20,61,21,0,15,0,0,0,0,0,0,13,16,7,29,37,35,29,29,27,105,100,166,162,237,253,520,516,465,296,536,552,932,941,883,896,937,940,1155,1131,3725,3335,2809,2689]} 1. Nf3 d5 2. g3 Nf6 3. Bg2 e6 4. O-O Be7 5. c4 O-O 6. d3 c5 7. cxd5 exd5 8. d4 Nc6 9. Nc3 h6 10. dxc5 Bxc5 11. a3 {LiveBook: 6 Games. D02: 1 d4 d5 2 Nf3 sidelines, including 2...Nf6 3 g3 and 2...Nf6 3 Bf4} (11. b3 a6 12. Bb2 Re8 13. Rc1 Ba7 14. Na4 Ne4 15. Nd4 Ne5 16. Nc3 Ng4 17. Nxe4 dxe4 18. e3 Qg5 19. Qc2 Nf6 20. h3 Bb6 {½-½ (20) Nguyen,A (2480)-Johansen,D (2510) Melbourne 1996}) 11... Ne4 $146 ({Predecessor:} 11... a5 12. Qc2 Qe7 13. Rd1 Be6 14. Bd2 Rac8 15. Rac1 Ba7 16. Qd3 Ng4 17. e3 Rfd8 18. Nb5 Bb6 {½-½ (38) Snegirev,S-McLaren,C (1673) Budva 2013}) 12. Qd3 Nxc3 13. Qxc3 {The position is equal.} Bb6 14. b4 {[%cal Bb2b4,Bb4b5][%mdl 32]} d4 15. Qd2 Bf5 16. Bb2 Re8 17. Rad1 Be4 18. b5 Na5 19. Qb4 {[%cal Rb2d4]} d3 (19... Rc8 $11 20. Bxd4 Rc4) 20. exd3 $16 Bd5 (20... Bf5 $16) 21. Qg4 $18 {[%csl Gb2][%cal Rg4g7]} f6 {[#]} (21... g6 $142 22. Qf4 Re2) 22. Nh4 $1 $40 {[%cal Rh4f5][%mdl 128] And now Nf5 would win. White wants a kill.} Bxg2 $2 (22... Be6 {was worth a try.} 23. Nf5 Bxf5 24. Qxf5 Re2) 23. Nf5 {[%csl Gf5][%cal Rg4g7]} ({Weaker is} 23. Kxg2 Qd5+ 24. Kg1 Qg5 $14) ({Not} 23. Nxg2 Qc8 $16) 23... Qc7 24. Kxg2 Kf8 $2 (24... Kh7 25. Bxf6 Rf8) 25. a4 {White is clearly winning.} Rad8 26. Ba3+ Kg8 27. Nxh6+ Kh7 28. Nf5 Qf7 29. Rfe1 Re5 30. Rxe5 fxe5 31. Qh4+ {Precision: White = 84%, Black = 29%.} 1-0

[Event "Paris GCT 2017 Blitz"]
[Site "Paris"]
[Date "2017.06.24"]
[Round "8"]
[White "Topalov, Veselin"]
[Black "Caruana, Fabiano"]
[Result "0-1"]
[WhiteElo "2749"]
[BlackElo "2808"]
[Annotator "TA"]
[PlyCount "70"]
[EventDate "2017.??.??"]
[EventType "tourn"]
[EventCountry "FRA"]
[SourceTitle "playchess.com"]
[Source "ChessBase"]
[SourceQuality "1"]

{[%evp 9,70,20,19,8,14,16,17,22,37,2,3,-2,11,6,16,21,43,0,8,0,0,0,10,-54,-60,-299,-309,-306,-83,-74,-51,-53,-81,-73,0,-12,0,0,0,0,0,0,0,-87,0,-156,37,21,247,17,332,371,350,347,323,326,337,306,293,-520,-513,-510,-508]} 1. c4 e5 {[%cal Be7e5,Be5e4][%mdl 32]} 2. g3 Nf6 3. Bg2 c6 4. Nf3 e4 5. Nd4 {[%cal Bf3d4,Bd4b3,Bb3d2][%mdl 32]} Qb6 (5... d5 6. d3 exd3 7. cxd5 Bb4+ 8. Nc3 c5 9. Nb3 c4 10. Nd2 O-O 11. O-O Bxc3 12. bxc3 Bg4 13. f3 dxe2 14. Qxe2 {1-0 (87) Ding,L (2773)-Inarkiev,E (2727) Moscow 2017}) 6. Nb3 {A20: English Opening: 1...e5} a5 {Threatens to win with ...a4.} 7. d3 a4 8. N3d2 $1 {The position is equal.} d5 9. dxe4 dxe4 $40 {[%mdl 128] White needs to defend precisely.} 10. e3 $146 ({Predecessor:} 10. Nc3 e3 11. fxe3 a3 12. Qb3 Qa7 13. Nde4 {½-½ (67) Kostic,V (2268)-Sarenac,D (2306) Belgrade 2015}) 10... Bg4 11. Qc2 Nbd7 (11... Be7 {is interesting.} 12. Nc3 Na6 13. O-O Nb4 14. Qb1 O-O) 12. Nc3 Bb4 13. Ndxe4 Nxe4 14. Qxe4+ Be6 15. O-O O-O 16. Qh4 ({White should play} 16. Qc2 $11) 16... Ne5 $15 17. Nd5 $2 (17. Qe4 $15 Nxc4 18. Qc2) 17... cxd5 $19 18. cxd5 Bg4 $2 (18... Bd7 $19 {and Black stays clearly on top.} 19. Qd4 Qxd4 20. exd4 Nc4) 19. f4 $17 Be2 20. fxe5 {Rf2 is the strong threat.} Bxf1 21. Bxf1 Qc5 (21... Bc5 $17 22. Qe4 Rad8) 22. Qd4 {Black must now prevent a3.} Rfd8 23. d6 {aiming for a3.} Qa5 24. Kg2 Rac8 25. Bd3 g6 26. Be4 (26. e4 $11 {remains equal.} Bxd6 27. exd6 Rxc1 28. Rxc1 Qd2+ 29. Kh3 Qxc1 30. e5) 26... Rd7 ({Black should try} 26... a3 $17) 27. Bd3 $2 {[#]} (27. a3 $11 Be1 28. Kh1) 27... Re8 $2 (27... Bxd6 $1 $17 28. exd6 Qd8 29. Qxa4 Rxd6) 28. a3 $14 Be1 $2 {[#]} (28... Bc5 $1 $11 {and Black has nothing to worry.} 29. Qd5 Qb6) 29. b4 $2 (29. e4 $1 $18) 29... axb3 $2 {[%mdl 8192]} (29... Qxe5 $11 30. Bb2 Qxd4 31. Bxd4 Rxd6) 30. Bb2 $18 Qd2+ 31. Kh3 Re6 32. Bb5 Rd8 33. Rd1 Qf2 34. Qf4 $4 {[%mdl 8192]} (34. e4 $18 {is the narrow road to win.}) 34... Qxb2 $19 35. Bc4 Qxe5 {Precision: White = 41%, Black = 38%.} 0-1

[Event "Paris GCT 2017 Blitz"]
[Site "Paris"]
[Date "2017.06.24"]
[Round "9"]
[White "So, Wesley"]
[Black "Carlsen, Magnus"]
[Result "0-1"]
[WhiteElo "2812"]
[BlackElo "2832"]
[Annotator "TA"]
[PlyCount "96"]
[EventDate "2017.??.??"]
[EventType "tourn"]
[EventCountry "FRA"]
[SourceTitle "playchess.com"]
[Source "ChessBase"]
[SourceQuality "1"]

{[%evp 11,96,0,21,-3,0,0,0,-6,-4,-15,13,0,0,0,0,0,0,-20,-20,-15,66,-18,0,-3,-2,-8,0,-8,0,-8,-8,-8,-8,-12,0,-6,-12,0,0,0,0,-5,0,0,0,0,4,0,0,0,0,0,0,0,0,0,17,17,26,0,0,0,0,-12,0,-132,0,0,0,0,111,111,100,18,10,-300,-282,-271,-240,-284,-273,-268,-254,-380,-380,-555,-525]} 1. d4 Nf6 2. c4 e6 3. Nc3 Bb4 4. Nf3 O-O 5. Qc2 d5 6. cxd5 exd5 7. Bg5 {E32: Nimzo-Indian: Classical (4 Qc2): 4...0-0} (7. Bf4 c5 8. dxc5 Bxc5 9. e3 Nc6 10. Be2 Be6 11. O-O Rc8 12. Rad1 Be7 13. Ne5 Qa5 14. Bf3 Rfd8 15. Qe2 a6 16. Nxc6 bxc6 17. Be5 Nd7 {0-1 (57) Bindrich,F (2590)-Zhigalko,S (2671) Doha 2016}) 7... h6 8. Bh4 c5 9. dxc5 {The position is equal.} Nbd7 10. e3 Qa5 11. Bd3 (11. Bxf6 $5 Nxf6 12. Bd3 $11) 11... Ne4 {[%cal Rb4c3]} 12. O-O Bxc3 13. bxc3 Ndxc5 14. Nd4 $146 ({Predecessor:} 14. c4 Nxd3 15. Qxd3 Be6 16. cxd5 {½-½ (16) Vos,T (2130)-Lai,H (2320) Rotterdam 2016}) 14... Nxd3 15. Qxd3 Re8 (15... Bd7 $11) 16. Rfc1 (16. Qb5 $1 $14 Qxb5 17. Nxb5) 16... Bd7 17. c4 dxc4 18. Rxc4 Qd5 {[#] Hoping for ...g5.} (18... Qa6 $5 {[%cal Ra8c8]} 19. Qe2 Bb5 20. Nxb5 Qxb5 $11) 19. Rcc1 Rac8 20. Qa3 a6 21. f3 Nd6 22. Bf2 Nc4 23. Qd3 b5 24. e4 Qd6 25. Qb3 Qg6 26. Rd1 Nb6 27. Ne2 Be6 28. Qb4 Na4 (28... Rc2 $5 {[%cal Rc2e2]} 29. Rd2 Rxd2 30. Qxd2 Nc4 $11) 29. a3 Rc2 30. Rd2 Rec8 31. Rad1 {aiming for Rxc2.} Kh7 32. h4 Qf6 33. Qd6 Qb2 34. Rxc2 Qxc2 35. Nf4 Nb2 36. Re1 Qc6 37. Qd4 Nc4 38. Rd1 (38. Rc1 $11 {remains equal.}) 38... f6 (38... Nxa3 $17 39. Nd5 Qc2) 39. h5 $11 Bf7 40. Qd7 Qc7 (40... Ne5 $11 41. Qxc6 Rxc6) 41. Qf5+ $16 Kg8 42. Rd7 (42. Ne6 $16 Qb8 43. Qg4 Bxe6 44. Qxe6+ Kh7 45. Qxa6) 42... Qe5 $1 $11 43. Qg4 $2 {[%mdl 8192] [#]} (43. Ra7 $11 {and White has nothing to worry.} Qxf5 44. exf5) 43... Qa1+ $1 $19 44. Kh2 Ne5 45. Qf5 Nxd7 46. Qxd7 Re8 47. Nd5 (47. Bc5 $142) 47... Qe5+ 48. Bg3 (48. Kg1 $142) 48... Qxh5+ {Precision: White = 43%, Black = 59%.} 0-1

[Event "Paris GCT 2017 Blitz"]
[Site "Paris"]
[Date "2017.06.24"]
[Round "9"]
[White "Caruana, Fabiano"]
[Black "Mamedyarov, Shakhriyar"]
[Result "1-0"]
[WhiteElo "2808"]
[BlackElo "2800"]
[Annotator "TA"]
[PlyCount "89"]
[EventDate "2017.??.??"]
[EventType "tourn"]
[EventCountry "FRA"]
[SourceTitle "playchess.com"]
[Source "ChessBase"]
[SourceQuality "1"]

{[%evp 19,89,12,22,0,-20,-23,0,-21,-21,-51,-16,-17,162,172,341,334,328,347,319,261,275,216,268,259,272,271,266,248,248,248,241,225,221,215,218,220,212,185,227,205,205,188,188,188,205,205,199,195,215,206,314,279,357,357,357,357,357,345,948,819,29976,29969,29971,29958,29987,29988,29988,29989,29990,29991,29993,29994]} 1. e4 e5 2. Nf3 Nc6 3. Bb5 {[%cal Bf1b5,Bb5a4,Ba4b3][%mdl 32]} a6 4. Ba4 Nf6 5. d3 b5 6. Bb3 Bc5 7. Nc3 d6 {C77: Ruy Lopez: 3...a6 4 Ba4 Nf6, unusual lines} 8. Nd5 h6 9. c3 O-O 10. O-O (10. Nxf6+ Qxf6 11. Bd5 Bd7 12. Rg1 Ne7 13. Bxa8 Rxa8 14. g4 Qe6 15. Nh4 {½-½ (39) Svidler,P (2755)-Mamedyarov,S (2772) Moscow 2017}) 10... Rb8 {LiveBook: 52 Games} 11. Nxf6+ Qxf6 12. h3 Ne7 13. d4 Bb6 14. Be3 Ng6 15. a4 {[#]} Nf4 $146 {[#]} (15... c5 $11 {and Black has nothing to worry.}) 16. a5 $36 {[%mdl 2048] White has strong initiative.} exd4 $2 (16... Ba7) 17. Bxf4 $1 (17. axb6 dxe3 18. bxc7 (18. fxe3 Nxh3+ 19. Kh2 Ng5 $16) 18... exf2+ 19. Rxf2 Rb7 $16) (17. Nxd4 Bxd4 18. cxd4 c5 $11) (17. cxd4 Ba7 $16) 17... Qxf4 18. axb6 Rxb6 19. Qxd4 Bxh3 20. e5 Qxd4 21. cxd4 Bg4 22. Rfc1 Rc8 23. exd6 Bxf3 24. gxf3 (24. dxc7 Bb7 $16) ({Don't play} 24. Rxc7 $6 Rxc7 25. dxc7 Bb7) 24... Rxd6 25. d5 c5 26. dxc6 $1 Rcxc6 27. Rxc6 Rxc6 {[%mdl 4096] Endgame KRB-KR} 28. Rd1 g6 29. Rd7 Rf6 30. Bd5 Rf5 31. Be4 Rg5+ 32. Kf1 a5 33. Ke2 Kf8 34. Ke3 h5 (34... Re5 $142 35. Ra7 f5) 35. f4 Rc5 36. Bd5 Ke8 {[#]} 37. Kd4 $1 Rc2 38. Rb7 ({Not} 38. Rxf7 Rd2+ 39. Ke3 Rxd5 $17) 38... Rxf2 $2 (38... f6 39. Rxb5 Rxf2) 39. Ke5 Rxb2 40. Rxf7 {White mates.} a4 41. Kd6 Re2 42. Rg7 {[%cal Rg7g8]} Kd8 43. Rxg6 a3 44. f5 {[%cal Bf4f5,Bf5f6][%mdl 32]} Re8 45. f6 {Precision: White = 80%, Black = 38%.} 1-0

[Event "Paris GCT 2017 Blitz"]
[Site "Paris"]
[Date "2017.06.24"]
[Round "9"]
[White "Vachier-Lagrave, Maxime"]
[Black "Grischuk, Alexander"]
[Result "1/2-1/2"]
[WhiteElo "2796"]
[BlackElo "2761"]
[Annotator "TA"]
[PlyCount "119"]
[EventDate "2017.??.??"]
[EventType "tourn"]
[EventCountry "FRA"]
[SourceTitle "playchess.com"]
[Source "ChessBase"]
[SourceQuality "1"]

{[%evp 28,119,16,0,69,0,73,37,63,66,75,-56,0,-127,-118,-136,-134,-129,-111,-128,-133,-133,-98,-94,-94,-94,-95,-95,-100,-98,-104,-128,-126,-156,-157,-166,-129,-126,-135,-142,-139,-142,-108,-100,-114,-182,-186,-183,-176,-157,-126,-231,-216,-226,-214,-178,-166,-164,-44,-43,-29,-36,-47,-207,-207,-207,-103,-135,0,-207,-207,-207,-207,-214,-214,-214,-214,-412,-49,-49,-49,-215,-18,-18,-18,-18,-11,-11,-11,-11,-11,-11,0,-18]} 1. e4 c5 2. Nf3 Nc6 3. Nc3 g6 4. d4 cxd4 5. Nxd4 Bg7 6. Be3 Nf6 7. Bc4 O-O 8. Bb3 d6 9. f3 Bd7 10. Qd2 Rc8 11. h4 h5 12. O-O-O Ne5 13. Kb1 Nc4 14. Bxc4 Rxc4 15. Nde2 {LiveBook: 50 Games} Re8 {B78: Sicilian Dragon: Yugoslav Attack, 9 Bc4 Bd7 10 0-0-0 Rc8} ({Better is} 15... b5 $11) (15... b5 16. Bh6 Qa5 17. g4 Rfc8 18. Bxg7 Kxg7 19. g5 Ne8 20. Nd5 Qxd2 21. Rxd2 Kf8 22. Nef4 Ng7 23. b3 R4c6 24. Kb2 {1-0 (85) Ortiz Suarez,I (2564)-Arenas Vanegas,D (2490) Badalona 2016}) 16. Bh6 (16. e5 $14 dxe5 17. Bg5) 16... Bh8 (16... Qa5 $1 $11) 17. g4 (17. e5 $5) 17... Qa5 $146 {White is slightly better.} ({Weaker is} 17... hxg4 18. Qd3 $19) ({Predecessor:} 17... hxg4 18. h5 gxf3 19. hxg6 fxe2 20. g7 {1-0 (20) Perez,J-Rooijakkers,S WCCF email 2000}) 18. gxh5 $1 Qxh5 19. Bg5 (19. Rdf1 $16) 19... Qxf3 $15 20. Rdf1 (20. Rhf1 $1 $11 {keeps the balance.} Qg4 21. Bxf6 Bxf6 22. Nd5) 20... Nxe4 $17 21. Rxf3 Nxd2+ 22. Bxd2 Bc6 23. Rfh3 Bxh1 24. Rxh1 Bf6 25. h5 Rh4 26. Rxh4 Bxh4 27. hxg6 fxg6 28. Kc1 Kf7 29. Nd4 Bf6 30. Nf3 Rh8 31. Kd1 Bxc3 32. Bxc3 e5 33. Ke2 Ke6 34. Be1 Kf5 35. c4 g5 {[%cal Bg6g5,Bg5g4][%mdl 32]} 36. Bf2 (36. Nd2 $17) 36... g4 $19 37. Nd2 a6 38. Nf1 Rh3 39. Bg3 (39. Be3 $17) 39... b5 $1 40. b3 bxc4 41. bxc4 Ke6 42. a3 d5 (42... Kd7 $19 {White must now prevent ...Kc6.} 43. Kf2 Kc6) 43. cxd5+ $15 Kxd5 44. Kf2 Ke4 45. Nd2+ $2 (45. Nh2 $15) 45... Kd3 $19 46. Nb3 Kc4 (46... e4 $1 $19 {[%cal Re4e3]} 47. Nc5+ Kd4 48. Ne6+ Kc4) 47. Nd2+ $17 Kd3 (47... Kd4 $17 48. Nf1 Rh8) 48. Nb3 $19 e4 $1 {[%cal Be5e4,Be4e3,Be3e2][%mdl 32] And now ...e3+ would win.} 49. Nc5+ Kd4 50. Nxa6 e3+ 51. Kg2 {[#]} e2 $1 {[%mdl 1024] ( -> ...Rxg3+!). Black has strong compensation.} 52. Bf2+ $2 (52. Be1) 52... Kc4 $2 (52... Kd3 $19 53. Nc5+ Kc2) 53. Nb4 $15 Rxa3 54. Nc2 $2 {[#]} (54. Nc6 $15) 54... Rc3 $2 ({Black should play} 54... Rh3 $1 $19 55. Ne1 Kc3) 55. Ne1 $1 $11 {The position is equal.} Kd5 56. Bg3 Ke4 {...Ke3 is the strong threat.} 57. Kf2 Rb3 58. Bc7 Rb7 59. Bg3 Rb3 60. Bc7 {Precision: White = 42%, Black = 47%.} 1/2-1/2

[Event "Paris GCT 2017 Blitz"]
[Site "Paris"]
[Date "2017.06.24"]
[Round "9"]
[White "Nakamura, Hikaru"]
[Black "Karjakin, Sergey"]
[Result "1-0"]
[WhiteElo "2785"]
[BlackElo "2781"]
[Annotator "TA"]
[PlyCount "123"]
[EventDate "2017.??.??"]
[EventType "tourn"]
[EventCountry "FRA"]
[SourceTitle "playchess.com"]
[Source "ChessBase"]
[SourceQuality "1"]

{[%evp 18,123,7,0,3,0,7,13,31,0,36,0,35,36,58,0,0,0,0,-3,17,-27,-31,-34,-35,-19,-18,-25,-34,-65,37,26,43,-16,0,-62,8,0,0,0,0,-14,13,0,29,30,29,20,57,35,69,0,6,0,0,0,0,0,0,0,0,0,0,0,106,0,0,0,0,0,0,0,0,0,0,0,149,114,276,276,511,511,493,492,484,491,464,452,511,511,511,456,511,511,511,511,511,511,511,511,502,472,382,382,476,373,5269,5008]} 1. Nf3 Nf6 2. e3 d5 3. c4 e6 4. b3 Be7 5. Bb2 O-O 6. d4 b6 7. Bd3 Bb7 8. O-O Nbd7 9. Nbd2 c5 10. Rc1 Rc8 {E14: Queen's Indian: Classical Variation (4 e3)} 11. Qe2 cxd4 12. Nxd4 dxc4 {The position is equal.} 13. Nxc4 Rc5 $146 ({Predecessor:} 13... Nc5 14. Bb1 Qd5 15. f3 Rfd8 16. Rfd1 Qh5 17. e4 Rd7 18. Rd2 {0-1 (34) Conquest,S (2492)-Barua,D (2431) Port Elizabeth 2013}) 14. Rfd1 Qa8 15. f3 Re8 16. Ba3 (16. a3 $14) 16... Rxc4 $1 $11 17. Rxc4 {And now Bxe7 would win.} Bxa3 18. Nb5 $1 Bd5 19. Ra4 {Black must now prevent Nc7.} Bc5 {Threatens to win with ...Qb8.} 20. Nc7 Qb8 21. Nxe8 Nxe8 22. Bb5 Ndf6 23. Kh1 g6 ({Better is} 23... Nc7 $1 $15) 24. e4 $14 Bb7 25. b4 ({White should play} 25. Qd2 $14 a6 26. Bxe8 Qxe8 27. Rc4) 25... Bd6 26. g3 (26. Qd3 $11) 26... Be5 (26... Nc7 $15) 27. Ba6 (27. Bxe8 $5 Nxe8 28. b5 $11) 27... Kg7 28. Bxb7 Qxb7 29. b5 Qb8 30. Rc4 Bd6 (30... Nd6 $5 {[%cal Rd6c4]}) 31. Rc6 Bc5 32. Qb2 e5 33. Kg2 h5 34. h4 (34. a4 $14) 34... Kg8 $11 35. Qd2 {aiming for Qd8.} Bd4 36. Qb4 Qb7 37. Qc4 Kg7 38. a4 Qe7 39. Rxd4 exd4 40. Qxd4 Qd7 (40... Qa3 $11) 41. Qc3 (41. Qxd7 $16 Nxd7 42. Rc8) 41... Qd1 42. Qc2 Qd4 43. Rc4 $36 {[%mdl 2048] Black is under pressure.} Qa1 44. Qd2 Nd6 45. Rc1 (45. Rd4 {looks sharper.} Nfe8 46. Rxd6 Nxd6 47. Qxd6 Qxa4 48. Qe5+) 45... Qe5 46. Qc3 Qxc3 (46... Qe6 $11 {keeps the balance.}) 47. Rxc3 $16 Nfe8 $2 {[#]} (47... Nde8 $16) 48. e5 $1 $18 {[%cal Re5d6]} Nb7 $2 (48... Nf5 49. Rc8 Kf8) 49. Rc8 Kf8 50. Ra8 Na5 51. Rxa7 Nc4 52. f4 Ng7 {[#]} 53. a5 $1 {[%mdl 512]} bxa5 54. Rc7 Ne3+ 55. Kf3 Nd5 56. Rc5 Nb6 57. Rc6 Nd7 {[#]} 58. b6 $1 {[%cal Bb5b6,Bb6b7][%mdl 32]} Ne6 59. Rc8+ Ke7 60. b7 Nd4+ 61. Kf2 a4 $2 (61... Ne6 62. b8=Q Nxb8) 62. Rc7 {Precision: White = 48%, Black = 39%.} 1-0

[Event "Paris GCT 2017 Blitz"]
[Site "Paris"]
[Date "2017.06.24"]
[Round "9"]
[White "Bacrot, Etienne"]
[Black "Topalov, Veselin"]
[Result "1/2-1/2"]
[WhiteElo "2708"]
[BlackElo "2749"]
[Annotator "TA"]
[PlyCount "106"]
[EventDate "2017.??.??"]
[EventType "tourn"]
[EventCountry "FRA"]
[SourceTitle "playchess.com"]
[Source "ChessBase"]
[SourceQuality "1"]

{[%evp 9,106,31,43,-8,-29,-48,-45,-39,-45,-43,-33,-51,0,0,0,0,13,-25,0,-2,94,57,151,77,72,68,75,33,37,35,39,17,32,30,39,28,32,0,16,10,21,-108,-116,-162,-185,-179,-193,-191,-168,-212,-227,-229,-227,-208,-109,-311,-237,-222,-216,-224,-214,-186,-75,-79,-70,-71,-74,-74,-74,-73,-26,-35,-37,-39,-46,-285,-277,-277,-277,-277,-259,-252,-193,-193,-193,-216,0,-156,-166,-215,-213,-211,68,8,8,8,8,8,9]} 1. e4 c6 2. Nf3 d5 3. Nc3 Bg4 4. d4 e6 5. Bd3 Nf6 6. e5 {B11: Caro-Kann: Two Knights Variation} (6. h3 $14 Bxf3 7. Qxf3) 6... Nfd7 $11 7. h3 Bxf3 8. Qxf3 {Black is slightly better.} c5 9. dxc5 $1 Nc6 10. Qg3 Ncxe5 (10... Ndxe5 $15 11. Bb5 a6) 11. Bb5 $146 {[%mdl 2048] White is more active.} ({Predecessor:} 11. O-O g6 12. Re1 Nxd3 13. cxd3 Bxc5 {½-½ (32) Beerdsen,T (2407)-Postny,E (2620) Sitges 2016}) 11... a6 12. Ba4 Nc6 13. Be3 (13. b4 $5) 13... Qa5 14. a3 Qd8 (14... Be7 $1 $11) 15. O-O h5 (15... g6 $14) 16. Rfe1 (16. Nxd5 $142 $1 exd5 17. Rfe1) 16... h4 $16 17. Qg4 {aiming for Bg5.} Nf6 18. Qg5 (18. Bxc6+ $5 bxc6 19. Qa4 $16) 18... Rh5 19. Qf4 Be7 20. Rad1 (20. Bxc6+ $5 bxc6 21. Bd4 $11) 20... Kf8 21. Bxc6 bxc6 22. Bd4 Kg8 23. b4 Nd7 24. Na4 Rf5 25. Qh2 (25. Qd2 $11 {keeps the balance.}) 25... a5 $1 $17 {[%cal Ra5b4]} 26. Nb2 axb4 27. axb4 {[#]} e5 $1 {[%mdl 512]} 28. Be3 (28. Bxe5 Rxe5) 28... Bf6 29. b5 d4 (29... cxb5 30. Rxd5 Qc8 31. Nd3 $11) 30. bxc6 Nxc5 {Hoping for ...Qb6.} (30... dxe3 31. Rxe3 Qb8 32. Rb3 $15) 31. c7 Qc8 ({Black should try} 31... Qf8 $19 32. Bc1 Qc8) 32. Bc1 $2 (32. Bxd4 $17 Qxc7 33. Nc4) 32... Ne6 ({Don't do} 32... Qxc7 33. Rxd4 $1 {[%mdl 512]} Ra1 34. Rdd1 $19) 33. g4 hxg3 $1 34. fxg3 Qxc7 35. Qg2 Rc8 (35... Ra2 $19 {has better winning chances.} 36. g4 Rg5 $1 {[%mdl 512]} 37. Bxg5 Bxg5) 36. g4 {[#]} Rg5 $1 {[%mdl 512]} 37. Bxg5 Bxg5 ({Reject} 37... Nxg5 $6 38. h4 $14) 38. Nd3 Be3+ 39. Kh1 Qxc2 (39... Nf4 $5 {[%cal Rf4g2]} 40. Qf3 Rb8 41. Nxf4 Bxf4 $15) 40. Qxc2 Rxc2 41. Nxe5 Ng5 42. Rxe3 $2 ({White has to play} 42. Rf1 $1 $15) 42... dxe3 $15 {[%mdl 4096] Endgame KRN-KRN} 43. Re1 f6 44. h4 Ne4 ({Resist} 44... fxe5 45. hxg5 e2 46. g6 $17) 45. Nd3 Ng3+ 46. Kg1 Ne2+ 47. Kf1 Ng3+ 48. Kg1 {[#]} Rc4 $1 {[%cal Rc4g4]} 49. Kg2 Rxg4 50. Kh3 Rg6 $2 (50... Rd4 $19 {...Nf5 is the strong threat.} 51. Kxg3 Rxd3) 51. Rg1 (51. Nf4 $14 Rh6 52. Kxg3) 51... Rh6 $11 {White must now prevent ...Nf5.The position is equal.} 52. Rxg3 g5 53. Rxe3 Rxh4+ {Precision: White = 34%, Black = 52%.} 1/2-1/2